[Event "Aktobe Dvorkovich op-A"]
[Site "Aktobe"]
[Date "2025.06.26"]
[Round "5"]
[White "Nurgaliyeva, Zarina"]
[Black "Akhilbay, Imangali"]
[Result "1/2-1/2"]
[WhiteElo "2252"]
[BlackElo "2385"]
[PlyCount "142"]
[EventDate "2025.06.22"]
[EventType "swiss"]
[EventRounds "9"]
[EventCountry "KAZ"]
[SourceTitle "CB27_2025"]
[SourceDate "2025.07.02"]
[SourceVersion "1"]
[SourceVersionDate "2025.07.02"]
[SourceQuality "1"]

1. e4 e6 2. d4 d5 3. Nd2 a6 4. Ngf3 c5 5. exd5 exd5 6. c3 Nc6 7. dxc5 Bxc5 8. Nb3 Bb6 9. Bd3 Nf6 10. 0-0 0-0 11. Bg5 Bg4 12. Re1 Qd6 13. Be3 Bxe3 14. Rxe3 Rfe8 15. Rxe8+ Rxe8 16. Be2 Qe7 17. Kf1 Qc7 18. Kg1 Qe7 19. Kf1 Qc7 20. Kg1 Ne5 21. h3 Bxf3 22. Bxf3 Nc4 23. Qc2 Re5 24. Nd4 Qe7 25. Be2 g6 26. Rd1 Nd6 27. Bf1 Re1 28. Nf3 Rxd1 29. Qxd1 Nde4 30. Qd4 Qc5 31. c4 Kf8 32. cxd5 Qxd4 33. Nxd4 Nxd5 34. g3 Nd6 35. Nb3 Ke7 36. Nc5 Nc7 37. Kg2 Ne6 38. Nb3 g5 39. Kf3 Kf6 40. Bd3 h6 41. Kg4 Kg7 42. h4 f5+ 43. Kf3 gxh4 44. gxh4 Kf6 45. Nd2 b5 46. Ke3 Kg6 47. Be2 f4+ 48. Kd3 Kf5 49. b4 Ke5 50. Bf3 Ng7 51. Nb3 Ne6 52. h5 Ng5 53. Bc6 Nde4 54. f3 Nf6 55. Bb7 Nxh5 56. Bxa6 Ng3 57. Bxb5 h5 58. Nd4 h4 59. Bd7 Kd6 60. Bg4 h3 61. Bxh3 Nxh3 62. a4 Kd5 63. a5 Nf2+ 64. Kd2 Nge4+ 65. fxe4+ Kxd4 66. Ke2 Nxe4 67. a6 Nc3+ 68. Kf3 Nb5 69. a7 Nxa7 70. Kxf4 Kc4 71. b5 Nxb5 1/2-1/2

[Event "Asia-ch"]
[Site "Al Ain"]
[Date "2025.05.14"]
[Round "8"]
[White "Akhilbay, Imangali"]
[Black "Agmanov, Zhandos"]
[Result "1/2-1/2"]
[WhiteElo "2346"]
[BlackElo "2480"]
[PlyCount "33"]
[EventDate "2025.05.07"]
[EventType "swiss"]
[EventRounds "9"]
[EventCountry "UAE"]
[SourceTitle "CB21_2025"]
[SourceDate "2025.05.21"]
[SourceVersion "1"]
[SourceVersionDate "2025.05.21"]
[SourceQuality "1"]

1. e4 c5 2. Nf3 d6 3. Nc3 Nf6 4. e5 dxe5 5. Nxe5 a6 6. g3 Qd6 7. Qe2 Nc6 8. Nxc6 Qxc6 9. Rg1 Bg4 10. Bg2 Qd7 11. Qe5 g6 12. Ne4 Nxe4 13. Bxe4 f5 14. h3 fxe4 15. hxg4 Qd4 16. Qxd4 cxd4 17. d3 1/2-1/2

[Event "Asia-ch"]
[Site "Al Ain"]
[Date "2025.05.13"]
[Round "7"]
[White "Sethuraman, SP."]
[Black "Akhilbay, Imangali"]
[Result "1-0"]
[WhiteElo "2552"]
[BlackElo "2346"]
[PlyCount "73"]
[EventDate "2025.05.07"]
[EventType "swiss"]
[EventRounds "9"]
[EventCountry "UAE"]
[SourceTitle "CB21_2025"]
[SourceDate "2025.05.21"]
[SourceVersion "1"]
[SourceVersionDate "2025.05.21"]
[SourceQuality "1"]

1. e4 e6 2. d4 d5 3. e5 c5 4. c3 Nc6 5. Nf3 Bd7 6. Be2 f6 7. 0-0 fxe5 8. Nxe5 Nxe5 9. dxe5 Qc7 10. Re1 0-0-0 11. Nd2 Qxe5 12. Nf3 Qc7 13. Ng5 Nf6 14. Nf7 Bd6 15. g3 h6 16. Be3 Rhf8 17. Nxd8 Kxd8 18. Bf3 Bc6 19. b4 cxb4 20. Rb1 bxc3 21. Bd4 e5 22. Bxc3 e4 23. Bg2 Bc5 24. Bd4 Qe7 25. Rc1 Ba3 26. Rb1 Bc5 27. Qd2 Ke8 28. Rec1 Ba3 29. Rc2 a6 30. Bf1 Qd6 31. Bxa6 Kf7 32. Bxb7 Ba4 33. Rc3 Nd7 34. Rxa3 Qxa3 35. Bxd5+ Ke7 36. Bxg7 Rd8 37. Qxh6 1-0

[Event "Asia-ch Blitz"]
[Site "Al Ain"]
[Date "2025.05.10"]
[Round "3"]
[White "Akhilbay, Imangali"]
[Black "Fedorov, Grigory"]
[Result "1-0"]
[WhiteElo "2346"]
[BlackElo "2008"]
[PlyCount "63"]
[EventDate "2025.05.10"]
[EventType "swiss (blitz)"]
[EventRounds "9"]
[EventCountry "UAE"]
[SourceTitle "CB20_2025"]
[SourceDate "2025.05.14"]
[SourceVersion "1"]
[SourceVersionDate "2025.05.14"]
[SourceQuality "1"]

1. d4 Nf6 2. Bf4 g6 3. Nc3 d5 4. e3 Bg7 5. h4 h5 6. Nf3 c5 7. Ne5 cxd4 8. exd4 Nc6 9. f3 Qb6 10. Nxc6 bxc6 11. Na4 Qa5+ 12. c3 0-0 13. Bd3 Re8 14. 0-0 Nd7 15. Re1 e5 16. dxe5 Nxe5 17. Bf1 Qd8 18. Bg5 Bf6 19. Bxf6 Qxf6 20. Qd4 Bh3 21. Nc5 Nxf3+ 22. gxf3 Qxf3 23. Bxh3 Qg3+ 24. Bg2 Rxe1+ 25. Rxe1 Qxe1+ 26. Kh2 Re8 27. Nd7 Re4 28. Nf6+ Kf8 29. Bxe4 Qxh4+ 30. Kg2 dxe4 31. Qd8+ Kg7 32. Ne8+ 1-0

[Event "Asia-ch Blitz"]
[Site "Al Ain"]
[Date "2025.05.10"]
[Round "2"]
[White "Mendonca, Leon Luke"]
[Black "Akhilbay, Imangali"]
[Result "1-0"]
[WhiteElo "2630"]
[BlackElo "2346"]
[PlyCount "97"]
[EventDate "2025.05.10"]
[EventType "swiss (blitz)"]
[EventRounds "9"]
[EventCountry "UAE"]
[SourceTitle "CB20_2025"]
[SourceDate "2025.05.14"]
[SourceVersion "1"]
[SourceVersionDate "2025.05.14"]
[SourceQuality "1"]

1. c4 e5 2. d3 Nc6 3. Nf3 Nf6 4. a3 g6 5. b4 d6 6. Bb2 Bg7 7. e3 0-0 8. Be2 Ne8 9. Nc3 f5 10. 0-0 g5 11. b5 Nb8 12. d4 Nd7 13. a4 f4 14. dxe5 dxe5 15. Ne4 Nd6 16. Nxd6 cxd6 17. Qxd6 e4 18. Qd5+ Kh8 19. Bxg7+ Kxg7 20. Qxe4 g4 21. Nd4 Nf6 22. Qxf4 Qe7 23. Bd3 Kh8 24. Rad1 Bd7 25. Bf5 Rac8 26. Bxd7 Qxd7 27. Nf5 Qe6 28. Nd6 Rc7 29. Qd4 Rg7 30. c5 Nd7 31. Qe4 Ne5 32. Kh1 Qf6 33. Rd5 Ng6 34. Rf5 Qd8 35. Rxf8+ Nxf8 36. Qf5 Qe7 37. Rd1 Ne6 38. Kg1 Ng5 39. Kf1 h6 40. Qxg4 Ne6 41. Qf5 Nc7 42. Ne4 Qh4 43. h3 Qe7 44. Nf6 Ne6 45. Rd6 Nf8 46. Qf4 Rg6 47. Nd5 Qg7 48. Rxg6 Nxg6 49. Qf6 1-0

[Event "Asia-ch"]
[Site "Al Ain"]
[Date "2025.05.07"]
[Round "1"]
[White "Dai, Changren"]
[Black "Akhilbay, Imangali"]
[Result "0-1"]
[WhiteElo "2531"]
[BlackElo "2346"]
[PlyCount "82"]
[EventDate "2025.05.07"]
[EventType "swiss"]
[EventRounds "9"]
[EventCountry "UAE"]
[SourceTitle "CB21_2025"]
[SourceDate "2025.05.21"]
[SourceVersion "1"]
[SourceVersionDate "2025.05.21"]
[SourceQuality "1"]

1. c4 e5 2. Nc3 Nf6 3. Nf3 Nc6 4. e3 h6 5. Qc2 g6 6. a3 Bg7 7. b4 d6 8. Bb2 0-0 9. Be2 a5 10. b5 Ne7 11. 0-0 Nd7 12. Rad1 Re8 13. d4 exd4 14. Nxd4 Nc5 15. Bf3 Nf5 16. Nb3 Nh4 17. Bd5 Bf5 18. e4 Bh3 19. f4 Bxg2 20. Nxc5 Bxf1 21. Nxb7 Qc8 22. Rxf1 Bd4+ 23. Rf2 Qh3 24. Kh1 Nf5 25. Kg1 Qg4+ 26. Kh1 Qh3 27. Kg1 Bxf2+ 28. Qxf2 Ne3 29. Bc6 Nxc4 30. Ba1 Re6 31. Qg3 Qh5 32. a4 Nd2 33. Kg2 Rae8 34. h3 Nxe4 35. Bxe4 Rxe4 36. Nxe4 Rxe4 37. Bc3 Qd5 38. Kf2 Rxa4 39. Qh4 g5 40. Qxh6 Rxf4+ 41. Ke2 Qe4+ 0-1

[Event "KAZ-ch U20"]
[Site "Almaty"]
[Date "2025.05.02"]
[Round "4"]
[White "Tyulyupov, Kumar"]
[Black "Akhilbay, Imangali"]
[Result "1-0"]
[WhiteElo "1827"]
[BlackElo "2346"]
[PlyCount "85"]
[EventDate "2025.05.01"]
[EventType "swiss"]
[EventRounds "9"]
[EventCountry "KAZ"]
[SourceTitle "CB19_2025"]
[SourceDate "2025.05.07"]
[SourceVersion "1"]
[SourceVersionDate "2025.05.07"]
[SourceQuality "1"]

1. d4 Nf6 2. c4 b6 3. Nc3 Bb7 4. Qc2 d5 5. cxd5 Nxd5 6. e4 Nxc3 7. bxc3 e6 8. Nf3 Be7 9. Bf4 0-0 10. Bd3 c5 11. d5 exd5 12. exd5 Qxd5 13. 0-0 Qh5 14. Rae1 Nc6 15. Re3 Qg4 16. Bxh7+ Kh8 17. Qf5 Qxf5 18. Bxf5 Bf6 19. Rfe1 g6 20. Be4 Rad8 21. h4 Kg7 22. g4 Kg8 23. Kg2 Rfe8 24. h5 gxh5 25. g5 Bg7 26. Bh7+ Kxh7 27. Rxe8 Rd3 28. R1e3 Rd1 29. Kg3 Ra1 30. Rd3 Na5 31. Re7 h4+ 32. Kxh4 Kg6 33. Rd6+ f6 34. Rxg7+ Kxg7 35. gxf6+ Kg6 36. Ne5+ Kf5 37. f7 Rh1+ 38. Kg3 Rg1+ 39. Kh3 Kxf4 40. f8Q+ Ke4 41. Qf3+ Kxe5 42. Qf6+ Ke4 43. Qe6+ 1-0

[Event "Almaty zt 3.4"]
[Site "Almaty"]
[Date "2025.04.07"]
[Round "7"]
[White "Akhilbay, Imangali"]
[Black "Tulendinov, Dinmukhammed"]
[Result "1-0"]
[WhiteElo "2373"]
[BlackElo "2141"]
[PlyCount "95"]
[EventDate "2025.04.02"]
[EventType "swiss"]
[EventRounds "9"]
[EventCountry "KAZ"]
[SourceTitle "CB15_2025"]
[SourceDate "2025.04.09"]
[SourceVersion "1"]
[SourceVersionDate "2025.04.09"]
[SourceQuality "1"]

1. c4 c6 2. Nf3 Nf6 3. g3 d5 4. Bg2 e6 5. b3 Nbd7 6. 0-0 Be7 7. d4 0-0 8. Qc2 b6 9. Rd1 Bb7 10. Nc3 Qc7 11. Bf4 Bd6 12. Bxd6 Qxd6 13. e4 dxe4 14. Ng5 Qc7 15. Ngxe4 Rfd8 16. Rac1 h6 17. Qe2 Nxe4 18. Nxe4 c5 19. d5 exd5 20. cxd5 Re8 21. Qd2 Rad8 22. b4 c4 23. Qd4 b5 24. Qxa7 Qb6 25. Qxb6 Nxb6 26. Nc3 Ba6 27. Rd2 Nc8 28. a4 bxa4 29. b5 Bb7 30. Nxa4 Nd6 31. Nc5 Re7 32. Rb2 Rc8 33. Na4 Re5 34. Nc3 Ra8 35. Bh3 Re7 36. b6 Ra5 37. Rcb1 Rc5 38. Ra2 f5 39. Bg2 Kf7 40. Kf1 g6 41. Re1 Rd7 42. h4 h5 43. Rea1 Kf6 44. f4 Kf7 45. Kf2 Nc8 46. Rb1 Ne7 47. Ra7 Nc8 48. Na4 1-0

[Event "Wch U20 62nd"]
[Site "Petrovac"]
[Date "2025.03.04"]
[Round "8"]
[White "Tsvetkov, Andrey1"]
[Black "Akhilbay, Imangali"]
[Result "1-0"]
[WhiteElo "2422"]
[BlackElo "2342"]
[PlyCount "77"]
[EventDate "2025.02.25"]
[EventType "swiss"]
[EventRounds "11"]
[EventCountry "MNE"]
[SourceTitle "CB11_2025"]
[SourceDate "2025.03.12"]
[SourceVersion "1"]
[SourceVersionDate "2025.03.12"]
[SourceQuality "1"]

1. d4 e6 2. c4 c5 3. Nf3 cxd4 4. Nxd4 Nf6 5. g3 d5 6. Bg2 e5 7. Nf3 d4 8. 0-0 Nc6 9. e3 Be7 10. exd4 exd4 11. b4 Nxb4 12. Nxd4 0-0 13. Bb2 Bg4 14. Qb3 Qd7 15. Nd2 Bh3 16. Bxh3 Qxh3 17. a3 Ng4 18. N2f3 Nc6 19. Qxb7 Rab8 20. Qxc6 Rxb2 21. Rae1 Bf6 22. Re8 g6 23. Ne2 Rxe8 24. Qxe8+ Kg7 25. Nf4 Qxf1+ 26. Kxf1 Rxf2+ 27. Ke1 Rxf3 28. Qd7 Ne5 29. Qxa7 Nxc4 30. a4 Ra3 31. Ne6+ Kh6 32. Qxf7 Ra1+ 33. Kf2 Ra2+ 34. Kg1 Ne5 35. Qxf6 Ra1+ 36. Kg2 Ra2+ 37. Kf1 Ra1+ 38. Ke2 Ra2+ 39. Kd1 1-0

[Event "Wch U20 62nd"]
[Site "Petrovac"]
[Date "2025.02.27"]
[Round "3"]
[White "Akhilbay, Imangali"]
[Black "Mamedov, Edgar"]
[Result "1/2-1/2"]
[WhiteElo "2342"]
[BlackElo "2456"]
[PlyCount "61"]
[EventDate "2025.02.25"]
[EventType "swiss"]
[EventRounds "11"]
[EventCountry "MNE"]
[SourceTitle "CB11_2025"]
[SourceDate "2025.03.12"]
[SourceVersion "1"]
[SourceVersionDate "2025.03.12"]
[SourceQuality "1"]

1. e4 c5 2. Nf3 e6 3. d4 cxd4 4. Nxd4 Nf6 5. Nc3 Nc6 6. Be2 d6 7. Be3 Be7 8. g4 h6 9. f4 d5 10. exd5 Nxd5 11. Nxd5 Bh4+ 12. Kf1 exd5 13. Qd2 0-0 14. Kg2 Nxd4 15. Bxd4 f5 16. h3 Be6 17. Rhg1 Bf6 18. Kh2 fxg4 19. Bxg4 Qd7 20. Bxe6+ Qxe6 21. Rae1 Qf5 22. Re7 Rf7 23. Rxf7 Kxf7 24. Bxf6 gxf6 25. Rd1 Rc8 26. c3 Re8 27. Qxd5+ Qxd5 28. Rxd5 Re2+ 29. Kg3 Rxb2 30. Rd7+ Ke6 31. Rc7 1/2-1/2

[Event "Titled Tuesday intern op 04th Feb Early"]
[Site "Chess.com INT"]
[Date "2025.02.04"]
[Round "1"]
[White "Hernandez Jimenez, Alexander Andres"]
[Black "Akhilbay, Imangali"]
[Result "0-1"]
[WhiteElo "2043"]
[BlackElo "2342"]
[PlyCount "116"]
[EventDate "2025.02.04"]
[EventType "swiss (blitz)"]
[EventRounds "11"]
[EventCountry "USA"]
[SourceTitle "CB07_2025"]
[SourceDate "2025.02.12"]
[SourceVersion "1"]
[SourceVersionDate "2025.02.12"]
[SourceQuality "1"]

1. e4 c5 2. Nf3 Nc6 3. d4 cxd4 4. Nxd4 g6 5. Nc3 Bg7 6. Nb3 Nf6 7. Be2 0-0 8. 0-0 a6 9. Re1 b5 10. Bf1 d6 11. Nd5 Bb7 12. Bg5 Ne5 13. Nxf6+ exf6 14. Bd2 Rc8 15. Ba5 Qd7 16. Nd4 Nc4 17. Bxc4 Rxc4 18. c3 Re8 19. Qd3 d5 20. exd5 Rxe1+ 21. Rxe1 Qxd5 22. Re8+ Bf8 23. f3 Kg7 24. Rd8 Qg5 25. Rd7 Qc1+ 26. Kf2 Qxb2+ 27. Kg3 Bc8 28. Ne6+ Kg8 29. Nxf8 Bxd7 30. Nxd7 Qa3 31. Nxf6+ Kg7 32. Ne8+ Kf8 33. Qd8 Qe7 34. Bb4 Rxb4 35. Qxe7+ Kxe7 36. cxb4 Kxe8 37. Kf4 Ke7 38. Ke5 f6+ 39. Kd5 Kd7 40. f4 h6 41. g4 h5 42. gxh5 gxh5 43. h4 Ke7 44. Kc6 Ke6 45. Kb6 Kf5 46. Kxa6 Kxf4 47. Kxb5 Kg4 48. a4 f5 49. a5 f4 50. a6 f3 51. a7 f2 52. a8Q f1Q+ 53. Kb6 Qf2+ 54. Ka6 Qa2+ 55. Kb7 Qd5+ 56. Kb8 Qg8+ 57. Ka7 Qa2+ 58. Kb8 Qc4 0-1

[Event "Titled Tuesday intern op 04th Feb Early"]
[Site "Chess.com INT"]
[Date "2025.02.04"]
[Round "4"]
[White "Kosakowski, Jakub"]
[Black "Akhilbay, Imangali"]
[Result "1-0"]
[WhiteElo "2511"]
[BlackElo "2342"]
[PlyCount "57"]
[EventDate "2025.02.04"]
[EventType "swiss (blitz)"]
[EventRounds "11"]
[EventCountry "USA"]
[SourceTitle "CB07_2025"]
[SourceDate "2025.02.12"]
[SourceVersion "1"]
[SourceVersionDate "2025.02.12"]
[SourceQuality "1"]

1. e4 c5 2. Nf3 Nc6 3. Bc4 g6 4. 0-0 Bg7 5. c3 e6 6. d4 cxd4 7. cxd4 d5 8. exd5 exd5 9. Bb5 Nge7 10. h3 0-0 11. Nc3 a6 12. Ba4 h6 13. Re1 Kh7 14. Bb3 Be6 15. Na4 Nf5 16. Be3 b6 17. Rc1 Na5 18. Bc2 Nc4 19. Bf4 Rc8 20. b3 Ncd6 21. Be5 Nb5 22. Bxg7 Kxg7 23. Qd2 Qd6 24. Bd3 Nbxd4 25. Nxd4 Nxd4 26. Bxa6 Nf3+ 27. gxf3 Bxh3 28. Qd4+ Kh7 29. Bxc8 1-0

[Event "Wch U16 blitz"]
[Site "Terme Catez"]
[Date "2024.12.16"]
[Round "18"]
[White "Daulet, Alikhan"]
[Black "Akhilbay, Imangali"]
[Result "0-1"]
[WhiteElo "2046"]
[BlackElo "2116"]
[PlyCount "68"]
[EventDate "2024.12.16"]
[EventType "swiss (blitz)"]
[EventRounds "22"]
[EventCountry "SLO"]
[SourceTitle "CB51_2024"]
[SourceDate "2024.12.18"]
[SourceVersion "1"]
[SourceVersionDate "2024.12.18"]
[SourceQuality "1"]

1. d4 Nf6 2. c4 b6 3. f3 Nc6 4. d5 Ne5 5. e4 e6 6. Nc3 exd5 7. cxd5 Bc5 8. Nge2 0-0 9. Ng3 c6 10. dxc6 dxc6 11. Qxd8 Rxd8 12. Bg5 Be7 13. Rd1 Be6 14. Be2 h6 15. Be3 Nc4 16. Bxc4 Bxc4 17. Nf5 Bb4 18. Kf2 Bxc3 19. bxc3 Bxa2 20. Ne7+ Kf8 21. Nxc6 Rdc8 22. Nb4 Bb3 23. Ra1 a5 24. Nd3 Rxc3 25. Ne5 b5 26. Bd4 Rc2+ 27. Kg3 Be6 28. Rhb1 Nh5+ 29. Kh4 Rxg2 30. Ng4 Nf4 31. Bxg7+ Kxg7 32. Rxb5 Rc8 33. Raxa5 Bxg4 34. fxg4 Rc3 0-1

[Event "Wch U16 blitz"]
[Site "Terme Catez"]
[Date "2024.12.16"]
[Round "16"]
[White "Perossa, Nicolas"]
[Black "Akhilbay, Imangali"]
[Result "1-0"]
[WhiteElo "2237"]
[BlackElo "2116"]
[PlyCount "85"]
[EventDate "2024.12.16"]
[EventType "swiss (blitz)"]
[EventRounds "22"]
[EventCountry "SLO"]
[SourceTitle "CB51_2024"]
[SourceDate "2024.12.18"]
[SourceVersion "1"]
[SourceVersionDate "2024.12.18"]
[SourceQuality "1"]

1. e4 c5 2. Nf3 Nc6 3. Bb5 d6 4. 0-0 Bd7 5. c3 a6 6. Bxc6 Bxc6 7. e5 dxe5 8. Nxe5 Qd5 9. Nxc6 Qxc6 10. Na3 b5 11. d4 cxd4 12. Qxd4 e6 13. Nc2 Nf6 14. Be3 Be7 15. h3 0-0 16. Rfd1 Rfd8 17. Qb6 Qe4 18. Nd4 Nd5 19. Qb7 Rdb8 20. Qc6 Rc8 21. Qb7 Rab8 22. Qxa6 Nxe3 23. fxe3 Qxe3+ 24. Kh1 Bf6 25. Nc6 Ra8 26. Qxb5 h6 27. Nb4 Rab8 28. Qd3 Qf4 29. Qf3 Qg5 30. a4 Rc4 31. Rf1 Kh8 32. a5 Be5 33. Nd3 Bc7 34. a6 Bb6 35. a7 Bxa7 36. Rxa7 f6 37. Raa1 e5 38. Rae1 Qd2 39. Qe2 Qg5 40. Nxe5 Rc7 41. Nf3 Qc5 42. Qf2 Qa5 43. Re2 1-0

[Event "Wch U16 rapid"]
[Site "Terme Catez"]
[Date "2024.12.15"]
[Round "8"]
[White "Kozlovic, Jernej"]
[Black "Akhilbay, Imangali"]
[Result "1-0"]
[WhiteElo "2210"]
[BlackElo "2099"]
[PlyCount "121"]
[EventDate "2024.12.14"]
[EventType "swiss (rapid)"]
[EventRounds "11"]
[EventCountry "SLO"]
[SourceTitle "CB51_2024"]
[SourceDate "2024.12.18"]
[SourceVersion "1"]
[SourceVersionDate "2024.12.18"]
[SourceQuality "1"]

1. e4 e6 2. d4 d5 3. e5 c5 4. c3 Nc6 5. Nf3 Nge7 6. Na3 Bd7 7. Nc2 Qa5 8. h4 Nxd4 9. Ncxd4 cxd4 10. Nxd4 Nc6 11. Nxc6 Bxc6 12. Be3 d4 13. Qxd4 Rd8 14. Qf4 Ba3 15. Rb1 Bc5 16. Bxc5 Qxc5 17. Qe3 Qxe3+ 18. fxe3 Rd5 19. Be2 Rxe5 20. Kf2 Ke7 21. Rbd1 Rd8 22. Rxd8 Kxd8 23. Rd1+ Kc7 24. Bf3 Rf5 25. Kg3 Ra5 26. a3 h5 27. Kf4 Rf5+ 28. Kg3 Re5 29. Kf4 Rf5+ 30. Kg3 Re5 31. e4 f6 32. Kf4 Rb5 33. b4 g5+ 34. Ke3 g4 35. Be2 Re5 36. Bd3 Kd6 37. Bb5+ Ke7 38. Bxc6 bxc6 39. Rd4 Rb5 40. Rc4 Kd6 41. a4 Rb7 42. Rc5 e5 43. Ra5 Rc7 44. Ra6 Ke7 45. c4 Rb7 46. b5 cxb5 47. axb5 Kf7 48. Kd3 Ke7 49. Kc3 Kf7 50. Kb4 Rd7 51. c5 Ke7 52. c6 Rc7 53. Kc5 f5 54. exf5 e4 55. Ra4 e3 56. Re4+ Kf6 57. Rxe3 Kxf5 58. g3 Rf7 59. Kd6 Rf6+ 60. Kd7 Rf7+ 61. Re7 1-0

[Event "Wch U16 rapid"]
[Site "Terme Catez"]
[Date "2024.12.14"]
[Round "4"]
[White "Akhilbay, Imangali"]
[Black "Coicev, Matei Andrei"]
[Result "1/2-1/2"]
[WhiteElo "2099"]
[BlackElo "2229"]
[PlyCount "71"]
[EventDate "2024.12.14"]
[EventType "swiss (rapid)"]
[EventRounds "11"]
[EventCountry "SLO"]
[SourceTitle "CB51_2024"]
[SourceDate "2024.12.18"]
[SourceVersion "1"]
[SourceVersionDate "2024.12.18"]
[SourceQuality "1"]

1. e4 c6 2. Nc3 d5 3. Nf3 Bg4 4. h3 Bxf3 5. Qxf3 e6 6. Be2 Nd7 7. d4 dxe4 8. Nxe4 Ngf6 9. 0-0 Be7 10. Rd1 0-0 11. c4 Nxe4 12. Qxe4 Nf6 13. Qd3 Qc7 14. Bf3 Rad8 15. Qc3 h6 16. Be3 Rd7 17. Rac1 Rfd8 18. b4 Qb8 19. a4 a6 20. Qb2 Bd6 21. g3 Rc8 22. b5 axb5 23. axb5 cxb5 24. cxb5 Rxc1 25. Rxc1 Bf8 26. Bf4 Qd8 27. b6 Nd5 28. Bc7 Qf6 29. Kg2 Qe7 30. Qb5 Nxc7 31. Qxd7 Qxd7 32. bxc7 Qc8 33. Kh2 Bd6 34. Bxb7 Qxc7 35. Rxc7 Bxc7 36. Kg2 1/2-1/2